Японские слова в русском языке - Statistics

General Stats
  • This quiz has been taken 416 times
  • The average score is 8 of 10
Answer Stats
Определение Слово % Correct
Японская мультипликация. Аниме
99%
Японское искусство складывания фигурок из бумаги. Оригами
91%
Гигантские волны, возникающие на поверхности океана в результате сильных подводных землетрясений. Цунами
88%
Японский хрен, растертый в порошок и разбавленный водой до состояния пасты. Васаби
79%
Традиционная одежда в Японии. Кимоно
77%
Вид единоборств, в котором два борца выявляют сильнейшего на круглой площадке. Сумо
77%
Японский лётчик-смертник. Камикадзе
70%
Исполнение популярных песен под музыкальную фонограмму и видеоклип с субтитрами текста песни. Караоке
66%
Член привилегированной феодальной военной касты Японии. Самурай
62%
Искусство выращивания точной копии настоящего дерева в миниатюре. Бонсай
40%
No matching quizzes found
Score Distribution
Percent of People with Each Score
Percentile by Number Answered
Your Score History
You have not taken this quiz